logo

Bir Sreshtho Munshi Abdur Rouf Library
Jhenaidah Cadet College

Trash / (Record no. 14381)

MARC details
000 -LEADER
fixed length control field 00586nam a2200217 a 4500
001 - CONTROL NUMBER
JCCL Control Number 14381
003 - CONTROL NUMBER IDENTIFIER
JCCL marc code BD-JhCC
005 - DATE AND TIME OF LATEST TRANSACTION
control field 20250907105715.0
008 - FIXED-LENGTH DATA ELEMENTS--GENERAL INFORMATION
fixed length control field 250907b2010201 nyua|||| ||a| 001 0 eng d
020 ## - INTERNATIONAL STANDARD BOOK NUMBER
International Standard Book Number 9781909531130
035 ## - SYSTEM CONTROL NUMBER
system control number (BD-JhCC)14381
040 ## - CATALOGING SOURCE
Original cataloging agency BD-JhCC
Modifying agency BD-JhCC
041 ## - LANGUAGE CODE
Language code of Book english
082 ## - DEWEY DECIMAL CLASSIFICATION NUMBER
Classification number 823.914
Author mark and Year MUL 2014
100 ## - MAIN ENTRY--PERSONAL NAME
Personal name Mulligan,Andy
245 ## - TITLE STATEMENT
Title Trash /
Statement of responsibility, etc Andy Mulligan.
260 ## - PUBLICATION, DISTRIBUTION, ETC. (IMPRINT)
Place of publication, distribution, etc London:
Name of publisher, distributor, etc Definitions;
Date of publication, distribution, etc 2014.
300 ## - PHYSICAL DESCRIPTION
Pagination 210 p. :
Other physical details ill;
Dimensions 20 cm.
650 ## - SUBJECT ADDED ENTRY--TOPICAL TERM
Topical term or geographic name as entry element Action and adventure fiction
General subdivision Adventure
Chronological subdivision Adventure fiction
942 ## - ADDED ENTRY ELEMENTS (KOHA)
Source of classification or shelving scheme Dewey Decimal Classification
Koha item type Books
Holdings
Source of classification or shelving scheme Damaged status Not for loan Home library Current library Shelving location Date of accession Cost, normal purchase price Total Checkouts Full call number Barcode Checked out Date last seen Date checked out Copy number Method of acquisition Koha item type Currency
Dewey Decimal Classification     JCC Rouf Library JCC Rouf Library General Stacks   799.00 1 823.914 MUL 2014 20226 11/19/2025 10/26/2025 10/26/2025 C-1 Purchase Books BDT
Dewey Decimal Classification     JCC Rouf Library JCC Rouf Library General Stacks   799.00 1 823.914 MUL 2014 20227   01/25/2026 10/26/2025 C-2 Purchase Books BDT

JCC Library | Contacts | JCC Home

Last Update on 23 September 2017
Copyright @ 2017-2020 JCC Rouf Library
Rouf Library, Jhenidah Cadet College (JCC), Bangladesh